Loading...
| Other Academic | 1 | 2 | 0 | 0 | 35 | 33 | 80.33 | 1 | 1 | 0.00 | 0.00 |
| Fine Arts - Other | 0 | 3 | 1 | 0 | 25 | 108 | 127.33 | 0 | 0 | 0.00 | 0.00 |
| Beliefs | 0 | 2 | 0 | 1 | 20 | 114 | 132.00 | 0 | 2 | 0.00 | 0.00 |
| Fine Arts - Classical Music and Opera | 0 | 2 | 0 | 2 | 20 | 156 | 163.00 | 0 | 1 | 0.00 | 0.00 |
| History - Other | 0 | 2 | 0 | 1 | 20 | 125 | 136.00 | 0 | 0 | 0.00 | 0.00 |
| Literature - European | 0 | 2 | 0 | 1 | 20 | 125 | 143.50 | 0 | 1 | 0.00 | 0.00 |
| Modern World | 0 | 2 | 0 | 1 | 20 | 74 | 108.50 | 0 | 2 | 0.00 | 0.00 |
| Social Science | 0 | 1 | 0 | 0 | 10 | 149 | 149.00 | 0 | 0 | 0.00 | 0.00 |
| Geography | 0 | 1 | 0 | 0 | 10 | 114 | 114.00 | 0 | 0 | 0.00 | 0.00 |
| History - European | 0 | 1 | 0 | 1 | 10 | 150 | 150.00 | 0 | 0 | 0.00 | 0.00 |
| Literature - British | 0 | 1 | 0 | 1 | 10 | 167 | 167.00 | 0 | 0 | 0.00 | 0.00 |
| Literature - World | 0 | 1 | 0 | 0 | 10 | 132 | 132.00 | 0 | 0 | 0.00 | 0.00 |
| Science - Other | 0 | 1 | 0 | 1 | 10 | 146 | 146.00 | 0 | 1 | 0.00 | 0.00 |
| Science - Biology | 0 | 1 | 1 | 0 | 5 | 88 | 88.00 | 1 | 1 | 0.00 | 0.00 |
| History - US | 0 | 0 | 0 | 0 | 0 | 0.00 | 0 | 0 | 0.00 | 0.00 | |
| Literature - American | 0 | 0 | 0 | 0 | 0 | 0.00 | 0 | 0 | 0.00 | 0.00 | |
| Philosophy | 0 | 0 | 1 | 0 | -5 | 0.00 | 0 | 0 | 0.00 | 0.00 | |
| Fine Arts - Visual | 0 | 2 | 5 | 1 | -5 | 104 | 123.50 | 0 | 2 | 0.00 | 0.00 |